000 01338nam a2200349 i 4500
003 EG-GICUC
005 20260121101443.0
008 251209s1992 ua ||||fr|||| 00| 0 ara d
017 _a92/2545
020 _a977-04-0802-6
040 _a EG-GICUC
_bara
_c EG-GICUC
_d EG-GICUC
_erda
041 0 _aara
082 0 4 _221
_a343.46
_bه د , ج
092 0 4 _221
099 _aLaw 1 10 343.46 ه د , ج 1992
100 0 _aهدي حامد قشقوش
_eمؤلف.
245 1 _aجرائم الحاسب الإلكتروني في التشريع المقارن /
_cدكتورة هدي حامد قشقوش
264 1 _aالقاهرة :
_b,دار النهضة العربية
_c.1992
300 _a156؛ صفحة
_bإيضاحيات، صور، مثيليات ؛
_c24 سم
336 _2rda content
_atext
337 _2rda media
_aComputer
338 _2rda carrier
_aOnline Resource
504 _a. 240-220 ببليوجرافيا: صفحات.
546 _aالنص باللغة العربية
650 1 4 _aالتشريعات المتعلقة بتقنية المعلومات
_2qrmak
650 1 4 _aجرائم الحاسب الإلكتروني
_2qrmak
650 1 4 _aالقانون الجنائي
_2qrmak
651 1 _2qrmak
856 4 0 _uhttps://fll.law.cu.edu.eg/fulltext/bks/B10-06749.pdf
905 _a5
942 _2ddc
_cBK
_e21
_n0
999 _c49246
_d49246